Name a Valid Oscar Best Picture Winner by Decade - Statistics

General Stats
  • This quiz has been taken 84 times
  • The average score is 9 of 11
Answer Stats
Decade Movies % Correct
1990's Dances with Wolves | The Silence of the Lambs | Unforgiven | Schindler's List | Forrest Gump | Braveheart | The English Patient | Titanic | Shakespeare in Love | American Beauty
96%
1970's Patton | The French Connection | The Godfather | The Sting | The Godfather Part II | One Flew Over the Cuckoo's Nest | Rocky | Annie Hall | The Deer Hunter | Kramer vs. Kramer
94%
2010's The King's Speech | The Artist | Argo | 12 Years a Slave | Birdman | Spotlight | Moonlight | The Shape of Water | Green Book | Parasite
91%
1940's Rebecca | How Green Was My Valley | Mrs. Miniver | Casablanca | Going My Way | The Lost Weekend | The Best Years of Our Lives | Gentleman's Agreement | Hamlet | All the King's Men
81%
1930's All Quiet on the Western Front | Cimarron | Grand Hotel | Cavalcade | It Happened One Night | Mutiny on the Bounty | The Great Ziegfeld | The Life of Emile Zola | You Can't Take It with You | Gone With the Wind
78%
2000's Gladiator | A Beautiful Mind | Chicago | The Lord of the Rings: The Return of the King | Million Dollar Baby | Crash | The Departed | No Country for Old Men | Slumdog Millionaire | The Hurt Locker
78%
2020's Nomadland | CODA | Everything Everywhere All at Once | Oppenheimer
77%
1960's The Apartment | West Side Story | Lawrence of Arabia | Tom Jones | My Fair Lady | The Sound of Music | A Man for All Seasons | In the Heat of the Night | Oliver! | Midnight Cowboy
72%
1980's Ordinary People | Chariots of Fire | Gandhi | Terms of Endearment | Amadeus | Out of Africa | Platoon | The Last Emperor | Rain Man | Driving Miss Daisy
71%
1950's All About Eve | An American in Paris | The Greatest Show on Earth | From Here to Eternity | On the Waterfront | Marty | Around the World in 80 Days | The Bridge on the River Kwai | Gigi | Ben-Hur
64%
1920's Wings | The Broadway Melody
54%
No matching quizzes found
Score Distribution
Percent of People with Each Score
Percentile by Number Answered
Your Score History
You have not taken this quiz